000 00455 a2200133 4500
005 20250619155108.0
020 _a9987-617-85-9
082 _a001.43 MAN
100 _aMANYILIZU, B.
245 _aAn Introduction to Quantitative and Qualitative Techniques: A Handbook for Research Beginners and Students in Higher Learning Institutions
260 _aMzumbe,
_b Mzumbe University,
_c2008.
300 _axviii, 122p.:
_c19cm.
942 _2ddc
_cBKS
999 _c4403
_d4403